00446nam a2200121 a 450000100100000000500170001000800410002704000250006824500840009326000410017730000500021871000560026800002985020240318114638.0110426s1999 dr 000 0 spa d aDO-SdBNPbspacBNPHU00aHablemos :bmanual de educación sexual para adolescentes y multiplicadores /. aSanto Domingo :bPROFAMILIA.,c1999. aVarias páginas :bil., láminas. ;c30 cm.2 aAsociación Dominicana Pro Bienestar de la Familia